000 00326nam a2200121Ia 4500
008 240731s9999 xx 000 0 und d
022 _a2166-5095
245 0 _aDevelopment Studies Research : An Open Access Journal
260 _bRoutledge
856 _uhttps://www.tandfonline.com/loi/rdsr20
942 _2ddc
942 _cTFEJ
999 _c76242
_d76242
945 _a1
_bMadushi Gamage
_c1
_dMadushi Gamage